000 00387nam a2200169Ia 4500
008 220805s9999 xx 000 0 und d
020 _a978-81-85026-71-8
041 _aeng
082 _a954.6
100 _aAhmad ,Monisha
_987977
260 _aMumbai
_bMarg pub.
245 _aLadakh
245 _bculture the crossroada
250 _a1
300 _a124
650 _aCulture
_987978
999 _c48427
_d48427